| 000 | 00844cam a2200277 a 4500 | ||
|---|---|---|---|
| 999 |
_c522684 _d522684 |
||
| 001 | 913791 | ||
| 003 | NUST | ||
| 005 | 20190102043144.0 | ||
| 008 | 820928s1981 ii b 000 0 eng | ||
| 010 | _a 81900595 | ||
| 020 |
_a0706912993 : _cRs35.00 |
||
| 038 | _awaseem | ||
| 040 |
_aDLC _cDLC _dDLC |
||
| 043 | _aa-ii--- | ||
| 050 | 1 | 0 |
_aJQ229.I6 _bR34 |
| 082 | 0 | 0 |
_a327.120954 _bRAI |
| 100 | 1 |
_aRaina, Asoka, _d1942- _912832 |
|
| 245 | 1 | 0 |
_aInside RAW : _bthe story of India's secret service / _cAsoka Raina. |
| 260 |
_aNew Delhi : _bVikas, _c1981. |
||
| 300 |
_avii, 114 p. ; _c23 cm. |
||
| 504 | _aBibliography: p. 113-114. | ||
| 610 | 1 | 0 |
_aIndia. _bCabinet Secretariat. _bResearch and Analysis Wing. _912833 |
| 650 | 0 |
_aIntelligence service _zIndia. _912834 |
|
| 906 |
_a7 _bcbc _corignew _d4 _encip _f19 _gy-gencatlg |
||
| 942 |
_2ddc _cBK |
||